On This Day: September 16th II Quiz Stats

 Plays Quiz Updated Sep 16, 2018

Score 0/7 Timer 03:00
0 Plays Today
Question Answer Wrong Answers
This American sitcom starring Kelsey Grammer and David Hyde Pierce, a spin-off of ‘Cheers,’ premieres on NBC.
1993
Frasier
94%
Wings
0.8%
Will & Grace
2.5%
Mad About You
1.6%
This American actress and comedian, best known for starring as Leslie Knope in ‘Parks and Recreation,’ is born.
1971
Amy Poehler
81.6%
Kate McKinnon
3.7%
Tina Fey
11.7%
Rashida Jones
2.1%
The British government lifts the broadcasting ban imposed against members of ______ and Irish paramilitary groups in 1988.
1994
Sinn Féin
81.2%
EUDemocrats
6.9%
Carabinieri
2.8%
RENEA
7.8%
Father Miguel Hidalgo first utters ‘Grito de Dolores!’ beginning this nation’s fight for independence from Spain.
1810
Mexico
79%
Costa Rica
3.7%
Chile
11.5%
Peru
5.8%
This Asian country establishes its Space and Upper Atmosphere Research Commission with Abdus Salam as its head.
1961
Pakistan
66%
China
16.7%
Jordan
14.4%
Vietnam
2.2%
President Franklin D. Roosevelt signs the Burke-Wadsworth Act, marking the first peacetime ______ in United States history.
1940
Draft
63.2%
War Budget
18.1%
Rules of Engagement
4.8%
Arms Increase
13.7%
This nation gains its independence from Australia.
1975
Papua New Guinea
52.1%
New Zealand
42.5%
Sri Lanka
1.7%
Malaysia
2.6%

You're not logged in!

Compare scores with friends on all Sporcle quizzes.
OR
Log In

Sporcle TV

Today on Sporcle TV


Watch our educational content, quiz creation guides, and fun videos on Sporcle TV.

Show Comments

Extras

Top Quizzes Today


Score Distribution

Your Account Isn't Verified!

In order to create a playlist on Sporcle, you need to verify the email address you used during registration. Go to your Sporcle Settings to finish the process.

Report this User

Report this user for behavior that violates our Community Guidelines.

Details: